[Event "GER-ch Blitz Women 2020"]
[Site "Magdeburg"]
[Date "2020.08.15"]
[Round "16.6"]
[White "Leib, Britta"]
[Black "Kosovska, Olena"]
[Result "0-1"]
[WhiteElo "1903"]
[BlackElo "1881"]
[Annotator "NA"]
[PlyCount "112"]
[EventDate "2020.07.28"]
[EventType "tourn"]
[EventCountry "GER"]
[SourceTitle "playchess.com"]
[Source "ChessBase"]
[SourceQuality "1"]
[TimeControl "180+2"]

1. e4 {[%emt 0:00:00]} e5 {[%emt 0:00:00]} 2. Nf3 {[%emt 0:00:00]} Nc6 {[%emt 0:00:00]} 3. Bc4 {[%emt 0:00:00]} Nf6 4. d3 Be7 {[%emt 0:00:03]} 5. h3 {[%emt 0:00:03]} O-O {[%emt 0:00:01]} 6. a3 {[%emt 0:00:07]} d5 {[%emt 0:00:07]} 7. exd5 {[%emt 0:00:01]} Nxd5 {[%emt 0:00:01]} 8. O-O {[%emt 0:00:03]} Be6 {[%emt 0:00:21]} 9. Re1 {[%emt 0:00:22]} Bf6 {[%emt 0:00:01]} 10. Nbd2 {[%emt 0:00:10]} Qd7 {[%emt 0:00:16]} 11. Ne4 {[%emt 0:00:19]} Be7 {[%emt 0:00:01]} 12. Bb3 {[%emt 0:00:23]} Nf4 {[%emt 0:00:08]} 13. Bxf4 {[%emt 0:00:14]} exf4 {[%emt 0:00:04]} 14. Ba4 {[%emt 0:00:10]} h6 {[%emt 0:00:20]} 15. Ne5 {[%emt 0:00:07]} Qd5 {[%emt 0:00:21]} 16. Nc3 {[%emt 0:00:15]} Qc5 {[%emt 0:00:42]} 17. Bxc6 {[%emt 0:00:04]} bxc6 {[%emt 0:00:02]} 18. Qf3 {[%emt 0:00:02]} Bg5 {[%emt 0:00:23]} 19. Qxc6 {[%emt 0:00:11]} Qa5 {[%emt 0:00:14]} 20. b4 {[%emt 0:00:18]} Qb6 {[%emt 0:00:03]} 21. Ne4 {[%emt 0:00:09]} Qd4 {[%emt 0:00:14]} 22. Nxg5 {[%emt 0:00:06]} hxg5 {[%emt 0:00:01]} 23. Qe4 {[%emt 0:00:02]} Qc3 {[%emt 0:00:04]} 24. Nc6 {[%emt 0:00:07]} Rfe8 {[%emt 0:00:06]} 25. Ne5 {[%emt 0:00:10]} c5 {[%emt 0:00:02]} 26. bxc5 Qxc5 {[%emt 0:00:01]} 27. Qb4 {[%emt 0:00:05]} Qc7 {[%emt 0:00:03]} 28. Rab1 {[%emt 0:00:03]} Rab8 {[%emt 0:00:03]} 29. Qd2 {[%emt 0:00:01]} Rbc8 {[%emt 0:00:01]} 30. c4 {[%emt 0:00:03]} Qc5 {[%emt 0:00:02]} 31. Qb4 {[%emt 0:00:02]} Qd4 {[%emt 0:00:01]} 32. Re4 {[%emt 0:00:02]} Qd8 {[%emt 0:00:02]} 33. Nf3 {[%emt 0:00:08]} Bf5 {[%emt 0:00:02]} 34. Rxe8+ {[%emt 0:00:02]} Qxe8 {[%emt 0:00:01]} 35. Nxg5 {[%emt 0:00:01]} Bxd3 {[%emt 0:00:02]} 36. Re1 {[%emt 0:00:02]} Qd7 {[%emt 0:00:03]} 37. c5 {[%emt 0:00:03]} Bg6 {[%emt 0:00:02]} 38. Qc3 {[%emt 0:00:03]} Qc6 {[%emt 0:00:01]} 39. Rc1 {[%emt 0:00:01]} f6 {[%emt 0:00:01]} 40. Nf3 {[%emt 0:00:02]} Kh7 {[%emt 0:00:02]} 41. Nd4 {[%emt 0:00:00]} Qd5 {[%emt 0:00:00]} 42. Nb5 {[%emt 0:00:02]} a6 {[%emt 0:00:02]} 43. Nd6 {[%emt 0:00:03]} Rc6 {[%emt 0:00:01]} 44. Qc4 {[%emt 0:00:05]} Qe5 {[%emt 0:00:03]} 45. Nb7 {[%emt 0:00:05]} Be4 {[%emt 0:00:06]} 46. Na5 {[%emt 0:00:01]} Rc8 {[%emt 0:00:01]} 47. Qxa6 {[%emt 0:00:02]} f3 48. g3 {[%emt 0:00:03]} Rd8 {[%emt 0:00:03]} 49. Qc4 {[%emt 0:00:04]} Qb2 {[%emt 0:00:01]} 50. Re1 {[%emt 0:00:03]} Bd3 {[%emt 0:00:01]} 51. Qh4+ {[%emt 0:00:02]} Kg8 {[%emt 0:00:01]} 52. Qh5 {[%emt 0:00:02]} Qc3 {[%emt 0:00:04]} 53. Re8+ {[%emt 0:00:02]} Rxe8 54. Qxe8+ {[%emt 0:00:01]} Kh7 {[%emt 0:00:01]} 55. Qh5+ {[%emt 0:00:04]} Kg8 {[%emt 0:00:00]} 56. c6 {[%emt 0:00:03]} Qe1+ {[%emt 0:00:01]} 0-1

[Event "GER-ch Blitz Women 2020"]
[Site "Magdeburg"]
[Date "2020.08.15"]
[Round "16.7"]
[White "Heinemann, Josefine"]
[Black "Muetsch, Annmarie"]
[Result "1/2-1/2"]
[WhiteElo "2281"]
[BlackElo "2219"]
[Annotator "ChessBase"]
[PlyCount "80"]
[EventDate "2020.07.28"]
[EventType "tourn"]
[EventCountry "GER"]
[SourceTitle "playchess.com"]
[Source "ChessBase"]
[SourceQuality "1"]
[TimeControl "180+2"]

1. e4 {[%emt 0:00:00]} e5 {[%emt 0:00:00]} 2. Nf3 {[%emt 0:00:00]} d6 {[%emt 0:00:02]} 3. d4 {[%emt 0:00:01]} Nd7 {[%emt 0:00:01]} 4. Nc3 {[%emt 0:00:04]} Ngf6 {[%emt 0:00:01]} 5. a4 {[%emt 0:00:03]} Be7 {[%emt 0:00:04]} 6. Bc4 {[%emt 0:00:01]} O-O {[%emt 0:00:04]} 7. O-O {[%emt 0:00:02]} a6 {[%emt 0:00:01]} 8. Re1 {[%emt 0:00:03]} c6 {[%emt 0:00:08]} 9. a5 {[%emt 0:00:12]} Qc7 {[%emt 0:00:12]} 10. h3 {[%emt 0:00:05]} h6 {[%emt 0:00:03]} 11. Bb3 {[%emt 0:00:02]} Re8 {[%emt 0:00:07]} 12. Be3 {[%emt 0:00:06]} Bf8 {[%emt 0:00:16]} 13. Nh4 {[%emt 0:00:27]} exd4 {[%emt 0:00:20]} 14. Bxd4 {[%emt 0:00:02]} c5 {[%emt 0:00:05]} 15. Bxf6 {[%emt 0:00:07]} Nxf6 {[%emt 0:00:05]} 16. Nd5 {[%emt 0:00:02]} Nxd5 {[%emt 0:00:10]} 17. Bxd5 {[%emt 0:00:02]} Be6 {[%emt 0:00:05]} 18. Bxe6 {[%emt 0:00:35]} Rxe6 {[%emt 0:00:04]} 19. Qd2 {[%emt 0:00:25]} Rae8 {[%emt 0:00:10]} 20. f3 {[%emt 0:00:30]} g6 {[%emt 0:00:05]} 21. g4 {[%emt 0:00:06]} Bg7 {[%emt 0:00:18]} 22. c3 {[%emt 0:00:01]} d5 {[%emt 0:00:19]} 23. exd5 {[%emt 0:00:16]} Qg3+ {[%emt 0:00:17]} 24. Ng2 {[%emt 0:00:02]} Rxe1+ {[%emt 0:00:08]} 25. Rxe1 {[%emt 0:00:00]} Rxe1+ 26. Qxe1 {[%emt 0:00:01]} Qxg4 {[%emt 0:00:20]} 27. fxg4 {[%emt 0:00:05]} Bf6 {[%emt 0:00:18]} 28. Kf1 {[%emt 0:00:23]} Kf8 {[%emt 0:00:06]} 29. Ne3 {[%emt 0:00:03]} Bd8 {[%emt 0:00:04]} 30. Nc4 {[%emt 0:00:06]} f6 {[%emt 0:00:03]} 31. Ke2 Ke8 32. Ke3 {[%emt 0:00:04]} Kd7 {[%emt 0:00:01]} 33. Ke4 {[%emt 0:00:00]} f5+ {[%emt 0:00:02]} 34. gxf5 {[%emt 0:00:00]} gxf5+ {[%emt 0:00:01]} 35. Kf4 {[%emt 0:00:01]} Bg5+ {[%emt 0:00:01]} 36. Kf3 {[%emt 0:00:00]} h5 {[%emt 0:00:05]} 37. Kg3 {[%emt 0:00:07]} h4+ {[%emt 0:00:02]} 38. Kf3 {[%emt 0:00:00]} Bd8 {[%emt 0:00:02]} 39. Kf4 {[%emt 0:00:02]} Bf6 {[%emt 0:00:01]} 40. Kf3 {[%emt 0:00:05]} Bd8 {[%emt 0:00:01]} 1/2-1/2

[Event "GER-ch Blitz Women 2020"]
[Site "Magdeburg"]
[Date "2020.08.15"]
[Round "16.8"]
[White "Zschischang, Marine"]
[Black "Birkholz, Olga"]
[Result "1-0"]
[WhiteElo "2070"]
[BlackElo "2001"]
[Annotator "NA"]
[PlyCount "105"]
[EventDate "2020.07.28"]
[EventType "tourn"]
[EventCountry "GER"]
[SourceTitle "playchess.com"]
[Source "ChessBase"]
[SourceQuality "1"]
[TimeControl "180+2"]

1. d4 {[%emt 0:00:00]} f5 {[%emt 0:00:00]} 2. e4 {[%emt 0:00:05]} d6 {[%emt 0:00:04]} 3. exf5 {[%emt 0:00:03]} Bxf5 {[%emt 0:00:01]} 4. Bd3 {[%emt 0:00:04]} Bxd3 {[%emt 0:00:10]} 5. Qxd3 {[%emt 0:00:01]} Nf6 {[%emt 0:00:01]} 6. Nf3 {[%emt 0:00:03]} c6 {[%emt 0:00:12]} 7. c3 {[%emt 0:00:11]} Qc8 {[%emt 0:00:09]} 8. Bg5 {[%emt 0:00:19]} Nbd7 {[%emt 0:00:18]} 9. Nbd2 {[%emt 0:00:03]} g6 {[%emt 0:00:05]} 10. Ne4 {[%emt 0:00:25]} Bg7 {[%emt 0:00:13]} 11. O-O {[%emt 0:00:08]} O-O {[%emt 0:00:11]} 12. Rae1 {[%emt 0:00:21]} Rf7 {[%emt 0:00:05]} 13. Re2 {[%emt 0:00:20]} Qf8 {[%emt 0:00:14]} 14. Rfe1 {[%emt 0:00:06]} Nxe4 {[%emt 0:00:48]} 15. Qxe4 {[%emt 0:00:10]} Nf6 {[%emt 0:00:04]} 16. Qe6 {[%emt 0:00:11]} Kh8 {[%emt 0:00:01]} 17. h3 {[%emt 0:00:31]} h6 {[%emt 0:00:01]} 18. Bxf6 {[%emt 0:00:08]} Bxf6 {[%emt 0:00:02]} 19. Qg4 {[%emt 0:00:06]} Kh7 {[%emt 0:00:04]} 20. h4 {[%emt 0:00:03]} Rg7 {[%emt 0:00:11]} 21. Re6 {[%emt 0:00:01]} Re8 {[%emt 0:00:05]} 22. Qe4 {[%emt 0:00:02]} Kh8 {[%emt 0:00:10]} 23. Re2 {[%emt 0:00:03]} Qg8 {[%emt 0:00:04]} 24. Nh2 {[%emt 0:00:03]} g5 {[%emt 0:00:03]} 25. h5 {[%emt 0:00:05]} Rf7 {[%emt 0:00:12]} 26. Ng4 {[%emt 0:00:01]} Qg7 {[%emt 0:00:02]} 27. f3 {[%emt 0:00:04]} d5 {[%emt 0:00:03]} 28. Qe3 {[%emt 0:00:04]} Rff8 {[%emt 0:00:05]} 29. Nxf6 {[%emt 0:00:05]} Rxf6 {[%emt 0:00:03]} 30. Rxe7 {[%emt 0:00:01]} Rxe7 {[%emt 0:00:03]} 31. Qxe7 {[%emt 0:00:01]} Rf7 {[%emt 0:00:01]} 32. Qe8+ {[%emt 0:00:03]} Kh7 {[%emt 0:00:02]} 33. Re6 {[%emt 0:00:03]} Rf8 {[%emt 0:00:09]} 34. Qg6+ {[%emt 0:00:05]} Qxg6 {[%emt 0:00:03]} 35. hxg6+ {[%emt 0:00:02]} Kg7 {[%emt 0:00:02]} 36. Re7+ {[%emt 0:00:01]} Kxg6 {[%emt 0:00:01]} 37. Rxb7 {[%emt 0:00:01]} Rf7 {[%emt 0:00:02]} 38. Rxf7 {[%emt 0:00:02]} Kxf7 {[%emt 0:00:01]} 39. g4 {[%emt 0:00:02]} Ke6 {[%emt 0:00:03]} 40. Kf2 {[%emt 0:00:01]} Kd6 {[%emt 0:00:02]} 41. Kg3 {[%emt 0:00:02]} Ke6 {[%emt 0:00:03]} 42. f4 {[%emt 0:00:01]} gxf4+ 43. Kxf4 Kf6 44. b3 {[%emt 0:00:03]} a6 {[%emt 0:00:07]} 45. c4 {[%emt 0:00:01]} dxc4 {[%emt 0:00:02]} 46. bxc4 {[%emt 0:00:01]} Ke6 {[%emt 0:00:02]} 47. a3 {[%emt 0:00:03]} a5 {[%emt 0:00:02]} 48. a4 {[%emt 0:00:02]} Kf6 {[%emt 0:00:04]} 49. d5 {[%emt 0:00:00]} cxd5 50. cxd5 Ke7 51. Ke5 Kd7 52. d6 Kc6 53. Ke6 1-0

[Event "GER-ch Blitz Women 2020"]
[Site "Magdeburg"]
[Date "2020.08.15"]
[Round "16.9"]
[White "Frey, Alisa"]
[Black "Zimmer, Elke"]
[Result "1-0"]
[WhiteElo "2087"]
[BlackElo "1952"]
[Annotator "TA"]
[PlyCount "53"]
[EventDate "2020.07.28"]
[EventType "tourn"]
[EventCountry "GER"]
[SourceTitle "playchess.com"]
[Source "ChessBase"]
[SourceQuality "1"]

{[%evp 10,53,33,28,42,52,50,23,71,-28,93,11,129,139,255,256,262,266,266,259,283,232,282,282,282,280,281,277,297,249,273,267,479,463,714,712,694,702,697,686,690,543,1178,1174,29993,1391]} 1. e4 d6 2. d4 g6 3. Nc3 Bg7 4. Be3 Nf6 5. Be2 O-O 6. Qd2 Re8 {B07: Pirc Defence: Miscellaneous Systems.} 7. h4 h5 8. Nh3 {[#]} e5 $146 {White has an edge.} ({Predecessor:} 8... b6 9. f3 Bb7 10. O-O-O Nbd7 11. Rhg1 a5 12. Nf2 e5 13. d5 Nc5 14. g4 Bc8 {0-1 (40) Contreras Rodriguez,F (1887)-Zorrilla Jimenez,W (2034) Santo Domingo 2015}) 9. f3 (9. dxe5 $16 Rxe5 10. Ng5) 9... b6 (9... exd4 $1 $11 {keeps the balance.} 10. Bxd4 Nc6) 10. O-O-O (10. d5 $16) 10... Ba6 {White stays focused until the end.} (10... exd4 $1 $11 {remains equal.} 11. Bxd4 Nc6) 11. dxe5 Nh7 (11... Rxe5 $16 {was called for.} 12. Bf4 Bxe2) 12. exd6 $18 Bxe2 13. Nxe2 cxd6 14. Qxd6 Qc8 15. Ng5 Na6 16. Qd7 Nxg5 17. Qxc8 ({Less strong is} 17. Bxg5 Qc4 $16) 17... Raxc8 18. hxg5 ({Don't play} 18. Bxg5 $6 f5 $18) 18... Rc7 19. Bd4 Rec8 20. c3 Bf8 $2 {[#]} (20... Bxd4 21. Rxd4 Nc5) 21. Bf6 Nb4 (21... Bg7 $142 22. Nf4 Nb4) 22. g4 Bg7 23. gxh5 Bxf6 24. gxf6 Rc6 25. hxg6 fxg6 26. e5 {[#] White threatens Rd7 and mate.} Re6 27. f4 {Accuracy: White = 56%, Black = 39%.} (27. Rd7 $142 Nxa2+ 28. Kd2 Re7 29. Rxe7 Rd8+ 30. Nd4 Rd7 31. Rxd7 g5 32. Rg7+ {[%mdl 64] Double Attack} Kf8 33. Rh8#) 1-0

[Event "GER-ch Blitz Women 2020"]
[Site "Magdeburg"]
[Date "2020.08.15"]
[Round "17.1"]
[White "Zimmer, Elke"]
[Black "Paehtz, Elisabeth"]
[Result "0-1"]
[WhiteElo "1952"]
[BlackElo "2473"]
[Annotator "TA"]
[PlyCount "33"]
[EventDate "2020.07.28"]
[EventType "tourn"]
[EventCountry "GER"]
[SourceTitle "playchess.com"]
[Source "ChessBase"]
[SourceQuality "1"]

{[%evp 13,18,-8,32,-37,-28,-128,-127]} 1. e4 c5 2. Nc3 Nc6 {[%cal Bb8c6,Bc6d4,Bd4f3][%mdl 32]} 3. g3 g6 4. Bg2 Bg7 5. d3 d6 6. Be3 Nd4 7. Qd2 Qa5 8. Nf3 {B26: Closed Sicilian: 3 g3, lines with early Be3.} (8. f4 $14) 8... Bh3 $15 9. O-O (9. Nxd4 $1 $11 Bxg2 10. Nb3) 9... Nxf3+ {[%mdl 64] [#] Pin} {Predecessor:} 10. Bxf3 $146 Bxf1 11. Kxf1 Rd8 12. h4 h5 13. Bg2 Nf6 14. Kg1 Ng4 15. Bg5 Bd4 16. Be3 Nxe3 17. fxe3 {0-1 (27) Alvarez Fernandez,S (1557)-Marchena Hurtado,J (2340) Bergara 2018} 0-1

[Event "GER-ch Blitz Women 2020"]
[Site "Magdeburg"]
[Date "2020.08.15"]
[Round "17.2"]
[White "Birkholz, Olga"]
[Black "Frey, Alisa"]
[Result "1/2-1/2"]
[WhiteElo "2001"]
[BlackElo "2087"]
[Annotator "NA"]
[PlyCount "75"]
[EventDate "2020.07.28"]
[EventType "tourn"]
[EventCountry "GER"]
[SourceTitle "playchess.com"]
[Source "ChessBase"]
[SourceQuality "1"]
[TimeControl "180+2"]

1. d4 {[%emt 0:00:00]} Nf6 {[%emt 0:00:00]} 2. Nc3 {[%emt 0:00:00]} d5 {[%emt 0:00:00]} 3. Bf4 {[%emt 0:00:01]} g6 {[%emt 0:00:02]} 4. Qd2 {[%emt 0:00:03]} h6 {[%emt 0:00:07]} 5. e3 {[%emt 0:00:03]} Bg7 {[%emt 0:00:03]} 6. Be2 {[%emt 0:00:01]} Bf5 {[%emt 0:00:06]} 7. h4 {[%emt 0:00:04]} e6 {[%emt 0:00:09]} 8. Nb5 {[%emt 0:00:14]} Na6 {[%emt 0:00:05]} 9. Qc3 {[%emt 0:00:04]} Ne4 {[%emt 0:00:09]} 10. Nxc7+ {[%emt 0:00:05]} Nxc7 {[%emt 0:00:03]} 11. Qxc7 {[%emt 0:00:01]} Qxc7 {[%emt 0:00:04]} 12. Bxc7 {[%emt 0:00:03]} Rc8 {[%emt 0:00:02]} 13. Ba5 {[%emt 0:00:19]} Rxc2 {[%emt 0:00:02]} 14. b3 {[%emt 0:00:21]} O-O {[%emt 0:00:06]} 15. Nf3 {[%emt 0:00:05]} Rfc8 {[%emt 0:00:03]} 16. Bd3 {[%emt 0:00:37]} Rc1+ 17. Ke2 {[%emt 0:00:10]} Rxh1 {[%emt 0:00:11]} 18. Rxh1 {[%emt 0:00:01]} Nc3+ {[%emt 0:00:05]} 19. Bxc3 {[%emt 0:00:05]} Rxc3 {[%emt 0:00:01]} 20. Bxf5 {[%emt 0:00:02]} gxf5 {[%emt 0:00:02]} 21. Kd2 {[%emt 0:00:05]} Rc6 {[%emt 0:00:04]} 22. Rc1 {[%emt 0:00:06]} Bf8 {[%emt 0:00:06]} 23. Rxc6 {[%emt 0:00:05]} bxc6 {[%emt 0:00:01]} 24. Ne5 {[%emt 0:00:05]} c5 {[%emt 0:00:01]} 25. Nd7 {[%emt 0:00:13]} cxd4 {[%emt 0:00:03]} 26. exd4 {[%emt 0:00:01]} Bd6 {[%emt 0:00:05]} 27. Kd3 {[%emt 0:00:06]} Kg7 {[%emt 0:00:09]} 28. Nc5 {[%emt 0:00:07]} Kf6 {[%emt 0:00:03]} 29. b4 {[%emt 0:00:03]} Ke7 {[%emt 0:00:11]} 30. a4 {[%emt 0:00:01]} f6 {[%emt 0:00:06]} 31. b5 {[%emt 0:00:04]} e5 {[%emt 0:00:10]} 32. Nb7 {[%emt 0:00:04]} Bb4 {[%emt 0:00:11]} 33. Nc5 {[%emt 0:00:07]} Kd6 {[%emt 0:00:07]} 34. Nb3 {[%emt 0:00:02]} Be1 {[%emt 0:00:09]} 35. Ke2 {[%emt 0:00:01]} Bc3 {[%emt 0:00:02]} 36. Kd3 {[%emt 0:00:01]} Bb4 {[%emt 0:00:09]} 37. a5 {[%emt 0:00:03]} Be1 {[%emt 0:00:05]} 38. Ke2 {[%emt 0:00:01]} 1/2-1/2

[Event "GER-ch Blitz Women 2020"]
[Site "Magdeburg"]
[Date "2020.08.15"]
[Round "17.3"]
[White "Muetsch, Annmarie"]
[Black "Zschischang, Marine"]
[Result "1-0"]
[WhiteElo "2219"]
[BlackElo "2070"]
[Annotator "ChessBase"]
[PlyCount "33"]
[EventDate "2020.07.28"]
[EventType "tourn"]
[EventCountry "GER"]
[SourceTitle "playchess.com"]
[Source "ChessBase"]
[SourceQuality "1"]
[TimeControl "180+2"]

1. e4 {[%emt 0:00:00]} e6 {[%emt 0:00:00]} 2. d4 {[%emt 0:00:00]} d5 {[%emt 0:00:00]} 3. Nd2 {[%emt 0:00:01]} dxe4 {[%emt 0:00:01]} 4. Nxe4 {[%emt 0:00:02]} Nd7 {[%emt 0:00:01]} 5. Nf3 {[%emt 0:00:03]} Ngf6 {[%emt 0:00:00]} 6. Bd3 {[%emt 0:00:05]} c5 {[%emt 0:00:02]} 7. Qe2 {[%emt 0:00:22]} Qc7 {[%emt 0:00:21]} 8. c3 {[%emt 0:00:10]} Nxe4 {[%emt 0:00:14]} 9. Qxe4 {[%emt 0:00:12]} Nf6 {[%emt 0:00:05]} 10. Qe2 {[%emt 0:00:08]} cxd4 {[%emt 0:00:06]} 11. Nxd4 {[%emt 0:00:06]} a6 {[%emt 0:00:02]} 12. Bg5 {[%emt 0:00:09]} Be7 {[%emt 0:00:21]} 13. O-O {[%emt 0:00:08]} Nd5 {[%emt 0:00:22]} 14. Bxe7 {[%emt 0:00:15]} Nxe7 {[%emt 0:00:02]} 15. Qh5 {[%emt 0:00:17]} Bd7 {[%emt 0:01:03]} 16. Rfe1 {[%emt 0:00:05]} Qb6 {[%emt 0:00:28]} 17. Nb3 {[%emt 0:00:43]} 1-0

[Event "GER-ch Blitz Women 2020"]
[Site "Magdeburg"]
[Date "2020.08.15"]
[Round "17.4"]
[White "Kosovska, Olena"]
[Black "Heinemann, Josefine"]
[Result "0-1"]
[WhiteElo "1881"]
[BlackElo "2281"]
[Annotator "ChessBase"]
[PlyCount "72"]
[EventDate "2020.07.28"]
[EventType "tourn"]
[EventCountry "GER"]
[SourceTitle "playchess.com"]
[Source "ChessBase"]
[SourceQuality "1"]
[TimeControl "180+2"]

1. e4 {[%emt 0:00:00]} c5 {[%emt 0:00:00]} 2. Nc3 {[%emt 0:00:00]} Nc6 {[%emt 0:00:00]} 3. f4 {[%emt 0:00:01]} g6 {[%emt 0:00:01]} 4. Nf3 {[%emt 0:00:03]} Bg7 {[%emt 0:00:01]} 5. Bc4 {[%emt 0:00:01]} e6 {[%emt 0:00:01]} 6. O-O {[%emt 0:00:03]} Nge7 {[%emt 0:00:01]} 7. d3 {[%emt 0:00:02]} O-O {[%emt 0:00:02]} 8. Qe1 {[%emt 0:00:00]} d5 {[%emt 0:00:07]} 9. Bb3 {[%emt 0:00:01]} a6 {[%emt 0:00:11]} 10. Qh4 {[%emt 0:00:02]} b5 {[%emt 0:00:10]} 11. f5 {[%emt 0:00:21]} exf5 {[%emt 0:00:27]} 12. Bh6 {[%emt 0:00:01]} c4 {[%emt 0:00:42]} 13. Ng5 {[%emt 0:00:14]} Bd4+ {[%emt 0:00:19]} 14. Kh1 {[%emt 0:00:04]} cxb3 {[%emt 0:00:16]} 15. Bxf8 {[%emt 0:00:54]} Kxf8 {[%emt 0:00:04]} 16. Qxh7 {[%emt 0:00:07]} Bg7 {[%emt 0:00:03]} 17. Qh4 {[%emt 0:00:28]} d4 {[%emt 0:00:14]} 18. Ne2 {[%emt 0:00:23]} bxa2 {[%emt 0:00:07]} 19. Rxa2 {[%emt 0:00:14]} Ng8 {[%emt 0:00:15]} 20. Nh7+ {[%emt 0:00:04]} Ke8 {[%emt 0:00:01]} 21. Qf4 {[%emt 0:00:16]} Be6 {[%emt 0:00:07]} 22. exf5 {[%emt 0:00:01]} Bxa2 {[%emt 0:00:02]} 23. fxg6 {[%emt 0:00:06]} fxg6 {[%emt 0:00:08]} 24. b3 {[%emt 0:00:01]} Qe7 {[%emt 0:00:08]} 25. Ng3 {[%emt 0:00:06]} Kd8 {[%emt 0:00:06]} 26. Ng5 {[%emt 0:00:03]} Bh6 {[%emt 0:00:04]} 27. Nf7+ {[%emt 0:00:03]} Kc8 {[%emt 0:00:01]} 28. Qg4+ {[%emt 0:00:01]} Kb7 {[%emt 0:00:03]} 29. Qxg6 {[%emt 0:00:03]} Be3 {[%emt 0:00:05]} 30. Ne4 {[%emt 0:00:01]} Kb6 {[%emt 0:00:08]} 31. Nfg5 {[%emt 0:00:11]} Rf8 {[%emt 0:00:02]} 32. Nf3 {[%emt 0:00:01]} Nf6 {[%emt 0:00:02]} 33. Qg3 {[%emt 0:00:03]} Nxe4 {[%emt 0:00:01]} 34. dxe4 {[%emt 0:00:01]} Qxe4 {[%emt 0:00:00]} 35. Qd6 {[%emt 0:00:01]} Rd8 {[%emt 0:00:02]} 36. Qa3 {[%emt 0:00:03]} Qxc2 {[%emt 0:00:04]} 0-1

[Event "GER-ch Blitz Women 2020"]
[Site "Magdeburg"]
[Date "2020.08.15"]
[Round "17.5"]
[White "Zeller, Elisa"]
[Black "Leib, Britta"]
[Result "1-0"]
[WhiteElo "1969"]
[BlackElo "1903"]
[Annotator "NA"]
[PlyCount "50"]
[EventDate "2020.07.28"]
[EventType "tourn"]
[EventCountry "GER"]
[SourceTitle "playchess.com"]
[Source "ChessBase"]
[SourceQuality "1"]
[TimeControl "180+2"]

1. e4 {[%emt 0:00:00]} e6 {[%emt 0:00:00]} 2. d4 {[%emt 0:00:00]} d5 {[%emt 0:00:00]} 3. Nd2 {[%emt 0:00:01]} c5 {[%emt 0:00:00]} 4. exd5 {[%emt 0:00:02]} exd5 {[%emt 0:00:01]} 5. Ngf3 {[%emt 0:00:05]} Nf6 {[%emt 0:00:01]} 6. Bb5+ {[%emt 0:00:04]} Bd7 {[%emt 0:00:07]} 7. Bxd7+ {[%emt 0:00:01]} Nbxd7 {[%emt 0:00:01]} 8. O-O {[%emt 0:00:02]} Be7 {[%emt 0:00:02]} 9. dxc5 {[%emt 0:00:02]} Nxc5 {[%emt 0:00:01]} 10. Nb3 {[%emt 0:00:04]} Nce4 {[%emt 0:00:17]} 11. Be3 {[%emt 0:00:05]} O-O {[%emt 0:00:03]} 12. Re1 {[%emt 0:00:01]} b6 {[%emt 0:00:05]} 13. Nfd4 {[%emt 0:00:02]} Rc8 {[%emt 0:00:07]} 14. c3 {[%emt 0:00:06]} Bd6 {[%emt 0:00:16]} 15. Nf5 {[%emt 0:00:14]} Bb8 {[%emt 0:00:10]} 16. g3 {[%emt 0:00:24]} Qd7 {[%emt 0:00:02]} 17. Nbd4 {[%emt 0:00:12]} Rfd8 {[%emt 0:00:06]} 18. Qf3 {[%emt 0:00:12]} Kh8 {[%emt 0:00:25]} 19. Bf4 {[%emt 0:00:10]} Bxf4 {[%emt 0:00:18]} 20. Qxf4 {[%emt 0:00:02]} g6 {[%emt 0:00:14]} 21. Ne3 {[%emt 0:00:02]} Kg7 {[%emt 0:00:05]} 22. f3 {[%emt 0:00:09]} Nd6 {[%emt 0:00:40]} 23. Rad1 {[%emt 0:00:07]} Qc7 {[%emt 0:00:22]} 24. Qg5 {[%emt 0:00:08]} Nfe8 {[%emt 0:00:17]} 25. Nxd5 {[%emt 0:00:16]} Qd7 1-0